| 000 | 00859pam a2200301 a 4500 | ||
|---|---|---|---|
| 001 | 562574 | ||
| 003 | OSt | ||
| 005 | 20231018133040.0 | ||
| 008 | 890217s1990 paua f 001 0 eng c | ||
| 010 | _a 89002388 | ||
| 020 | _a0397509766 | ||
| 020 | _a0397508867 | ||
| 040 |
_aDNLM/DLC _cDLC _dDLC |
||
| 050 | 0 | 0 |
_aRG110 _b.B37 1990 |
| 060 | _aWB 39 B234q | ||
| 082 | 0 | 0 |
_aWQ100 B232h 1990 _219 |
| 100 | 1 |
_aBarber, Hugh R. K.; Sherwin, David H.; Kaufman, Sherwin A. _93442 |
|
| 245 | 1 | 0 | _aQuick Reference to OB-GYN Procedures |
| 250 | _a3rd ed. | ||
| 260 |
_aPhiladelphia : _bLippincott, _cc1990. |
||
| 300 |
_axv, 495 p. : _bill. ; _c24 cm. |
||
| 500 | _aIncludes index. | ||
| 650 | 0 |
_a Obstetrics _93443 |
|
| 650 | 0 |
_aGynecology. _93444 |
|
| 740 | 0 | _aOb-gyn procedures. | |
| 906 |
_a7 _bcbc _corignew _du _eocip _f19 _gy-gencatlg |
||
| 942 |
_2z _cSLOAN |
||
| 999 |
_c1291 _d1291 |
||